00988nam a22001817a 4500020001800000041000800018082001900026100002200045245012700067260004800194650001200242942000700254952013200261952013200393952013200525952013200657999001700789 a9781785691478 aENG a909.09767bKAR aKaratnycky Adrian aEncyclopaedia of the History of the Islamic Societies: The Developments of Communal, Religious, and Political Institutions aUnited Kingdom, bKoros Press Limitedc2015 aHistory cBK 00104070aHMIbHMIcGENd2025-09-26eKohinoor Book Distributorg52272.00l0o909.09767 KARp26018r2025-09-26w2025-09-26yBK 00104070aHMIbHMIcGENd2025-09-26eKohinoor Book Distributorg52272.00l0o909.09767 KARp26019r2025-09-26w2025-09-26yBK 00104070aHMIbHMIcGENd2025-09-26eKohinoor Book Distributorg52272.00l0o909.09767 KARp26020r2025-09-26w2025-09-26yBK 00104070aHMIbHMIcGENd2025-09-26eKohinoor Book Distributorg52272.00l0o909.09767 KARp26021r2025-09-26w2025-09-26yBK c23579d23579